| 000 | 00000nas 2200000zi 4500 |
| 001 | 9.931886 |
| 003 | CaOODSP |
| 005 | 20240206151608 |
| 006 | m o d f |
| 007 | cr cn |||||||| |
| 008 | 240102d19902001quc x m o f0 0fre|d |
| 040 | |aCaOODSP|bfre|erda|cCaOODSP |
| 043 | |an-cn--- |
| 086 | 1 |aTU3-1F-PDF |
| 245 | 00|aRapport d'enquête sur accident ferroviaire. |
| 264 | 1|aGatineau (Québec) : |bBureau de la sécurité des transports du Canada, |c[1990-2001] |
| 310 | |aIrrégulier |
| 500 | |aPublié aussi en anglais sous le titre : Railway occurrence report. |
| 650 | 6|aChemins de fer|xAccidents|zCanada|vPériodiques. |
| 655 | 7|aPériodiques|2rvmgf |
| 710 | 2 |aBureau de la sécurité des transports du Canada, |eorganisme de publication. |
| 775 | 08|tRailway occurrence report.|w(CaOODSP)9.931887 |
| 776 | 0#|tRapport d'enquête sur accident ferroviaire |w(CaOODSP)9.513251 |